000 00478nam a2200181Ia 4500
008 230524s9999 xx 000 0 und d
020 _a9788126513369
082 _a624.171
_bCOO
100 _aRobert D. Cook
245 0 _aconcepts and Applications of Finite Element Analysis
250 _a4
260 _aNew Delhi
_bJ.wiley
_c2013
300 _a"xvi,711p;"
500 _aQuantity Number: 2
650 _aCivil
700 _aDavid S.Malkus(etal...)
_945355
942 _cBK
999 _c55713
_d55713